Python For Finance (Record no. 96258)
[ view plain ]
| 000 -LEADER | |
|---|---|
| fixed length control field | 00614nam a2200229Ia 4500 |
| 005 - DATE AND TIME OF LATEST TRANSACTION | |
| control field | 20230327104342.0 |
| 008 - FIXED-LENGTH DATA ELEMENTS--GENERAL INFORMATION | |
| fixed length control field | 230125s9999 xx 000 0 und d |
| 020 ## - INTERNATIONAL STANDARD BOOK NUMBER | |
| International Standard Book Number | 9789352137718 |
| 041 ## - LANGUAGE CODE | |
| Language code of text/sound track or separate title | eng |
| 082 ## - DEWEY DECIMAL CLASSIFICATION NUMBER | |
| Classification number | 004.1 |
| Item number | HIL |
| 100 ## - MAIN ENTRY--PERSONAL NAME | |
| Author | Hilpisch Y |
| 245 ## - TITLE STATEMENT | |
| Title | Python For Finance |
| Remainder of title | Mastering Data - Driven Finance |
| 250 ## - EDITION STATEMENT | |
| Edition statement | 2nd Ed. |
| 260 ## - PUBLICATION, DISTRIBUTION, ETC. | |
| Date of publication, distribution, etc. | 2019 |
| Name of publisher, distributor, etc. | Shroff publisher and distributors |
| Place of publication, distribution, etc. | Mumbai |
| 300 ## - PHYSICAL DESCRIPTION | |
| Extent | 691p |
| 500 ## - GENERAL NOTE | |
| Keywords | Business Analytics;Python |
| 650 ## - SUBJECT ADDED ENTRY--TOPICAL TERM | |
| Topical term or geographic name entry element | Business Analytics;Python |
| 700 ## - ADDED ENTRY--PERSONAL NAME | |
| Personal name | Hilpisch Y |
| 942 ## - ADDED ENTRY ELEMENTS (KOHA) | |
| Koha item type | Books |
| 906 ## - LOCAL DATA ELEMENT F, LDF (RLIN) | |
| b | 490 |
| Withdrawn status | Lost status | Source of classification or shelving scheme | Damaged status | Not for loan | Home library | Current library | Date acquired | Vendor | Net Price | Bill number | Full call number | Barcode | Date last seen | Actual Price | Bill Date | Koha item type | Original Barcode |
|---|---|---|---|---|---|---|---|---|---|---|---|---|---|---|---|---|---|
| Dewey Decimal Classification | Smt. Hiraben Nanavati Institute of Management & Research for Women | Smt. Hiraben Nanavati Institute of Management & Research for Women | 07/01/2020 | Forward Books | 1750.00 | 11164 | 004.1 HIL B19567 | HIMR-BK-19567 | 25/01/2023 | 1260.00 | 25/01/2023 | Books | B19567 | ||||
| Reference | Smt. Hiraben Nanavati Institute of Management & Research for Women | Smt. Hiraben Nanavati Institute of Management & Research for Women | 07/01/2020 | Forward Books | 1750.00 | 11164 | 004.1 HIL B19568 | HIMR-BK-19568 | 25/01/2023 | 1260.00 | 25/01/2023 | Books | B19568 |